000 00336nam a2200133 i 4500
001 bg
100 1 _aKOWALSKI, Wacław Marian
245 0 _aPrzewodnik do ćwiczeń z geologii dla górników /
_cW.M. Kowalski.
260 _aLublin,
_c1983.
040 _cBPK
041 _apol
942 _cKS
008 s pl f |000 0 pol
999 _c2378
_d2378
856 _uhttp://koha.tu.koszalin.pl/cgi-bin/koha/opac-detail.pl?biblionumber=2378
_yKatalog online BPK